| 000 | 00545nam a2200169 i 4500 | ||
|---|---|---|---|
| 001 | 128411 | ||
| 003 | ES-MaACL | ||
| 005 | 20230906193253.0 | ||
| 007 | t| | ||
| 008 | 070510s1928 sz |||| | fre d | ||
| 245 | 0 | 0 | _aTableaux des organisation sovietiques travaillant áa la revolution dans tous les pays. |
| 260 |
_aGeneve : _b[s.n.], _c1928. |
||
| 300 |
_a50 p. ; _c23 cm. |
||
| 500 | _aBoureau permanent de l' Eutent Internationale contre la III Internal. | ||
| 500 | _aAcompagnes de notes explicatives. | ||
| 852 |
_aES-MaACL _j1724-F-1 |
||
| 999 |
_c128411 _d128411 |
||